Central Library OPAC University of Rajshahi

The Aquarist's encyclopaedia / (Record no. 76908)

MARC details
000 -LEADER
fixed length control field 01375nam a2200361 a 4500
001 - CONTROL NUMBER
control field 76908
003 - CONTROL NUMBER IDENTIFIER
rucl marc code BD-RjUL
005 - DATE AND TIME OF LATEST TRANSACTION
control field 20211209082914.0
008 - FIXED-LENGTH DATA ELEMENTS--GENERAL INFORMATION
fixed length control field 200204r19861983enka be 000 0 eng d
020 ## - INTERNATIONAL STANDARD BOOK NUMBER
International Standard Book Number 0713711469
035 ## - SYSTEM CONTROL NUMBER
System control number (BD-RjUL)77132
040 ## - CATALOGING SOURCE
Original cataloging agency GZM
Transcribing agency GZM
Modifying agency NCS
-- BD-RjUL
Language of cataloging eng
041 1# - LANGUAGE CODE
Language code of text/sound track or separate title eng
Language code of original ger
082 0# - DEWEY DECIMAL CLASSIFICATION NUMBER
Classification number 639.3403
Edition number 23
Author mark and year AQU 1986
130 0# - MAIN ENTRY--UNIFORM TITLE
Uniform title Lexikon der Aquaristik und Ichthyologie.
Language of a work English
9 (RLIN) 238818
245 14 - TITLE STATEMENT
Title The Aquarist's encyclopaedia /
Statement of responsibility, etc. [edited by] Günther Sterba ; English editor, Dick Mills ; translated by Susan Simpson.
250 ## - EDITION STATEMENT
Edition statement 1st U.K. ed.
260 ## - PUBLICATION, DISTRIBUTION, ETC. (IMPRINT)
Place of publication, distribution, etc. Poole, Dorset :
Name of publisher, distributor, etc. Blandford Press,
Date of publication, distribution, etc. 1983 [Reprinted 1986]
300 ## - PHYSICAL DESCRIPTION
Pagination 605, [2] p. :
Illustrations ill. (some col.) ;
Size 28 cm.
500 ## - GENERAL NOTE
General note Translation of: Lexicon der Aquaristik und Ichthyologie.
General note American ed. entitled: The aquarium encyclopedia.
504 ## - BIBLIOGRAPHY, ETC. NOTE
Bibliography, etc Bibliography: p. [606]
650 #0 - SUBJECT ADDED ENTRY--TOPICAL TERM
Topical term or geographic name as entry element Aquariums
General subdivision Dictionaries.
9 (RLIN) 238819
Topical term or geographic name as entry element Aquarium fishes
General subdivision Dictionaries.
9 (RLIN) 238820
Topical term or geographic name as entry element Fishes
General subdivision Dictionaries.
9 (RLIN) 238821
Topical term or geographic name as entry element Aquarium plants
General subdivision Dictionaries.
9 (RLIN) 238822
Topical term or geographic name as entry element Aquatic animals
General subdivision Dictionaries.
9 (RLIN) 238823
Topical term or geographic name as entry element Aquatic plants
General subdivision Dictionaries.
9 (RLIN) 238824
700 1# - ADDED ENTRY--PERSONAL NAME
Personal name Sterba, Günther. ed.
Personal name Mills, Dick, English ed.
Dates associated with a name 1936-
Personal name Simpson, Susan, tr.
942 ## - ADDED ENTRY ELEMENTS (KOHA)
Source of classification or shelving scheme Dewey Decimal Classification
Koha item type Reference
Holdings
Lost status Source of classification or shelving scheme Damaged status Not for loan Collection code Permanent Location Current Location Shelving location Date acquired Source of acquisition Total Checkouts Full call number Date last seen Koha item type
  Dewey Decimal Classification   Not For Loan Reference Central Library, University of Rajshahi Central Library, University of Rajshahi   15/10/1996 Dhaka, Book Beauty   R 639.3403 AQU 1986 04/02/2020 Reference